|
|
|
|
| LEADER |
00613nam a2200181 a 4500 |
| 001 |
000651586 |
| 003 |
CZ BrMZK |
| 005 |
20030213082954.0 |
| 008 |
030205s1967 xr f cze d |
| 040 |
|
|
|a BOA001
|b cze
|c BOA001
|
| 080 |
|
|
|a 678.057.7
|2 MRF
|
| 245 |
0 |
0 |
|a Automatizace a mechanizace technické pryže lisované a vytlačované /
|c redigoval Josef Nepovím
|
| 260 |
|
|
|a Praha :
|b Dům techniky ČSVTS,
|c 1967
|
| 300 |
|
|
|a 109 s.
|
| 700 |
1 |
|
|a Nepovim, Josef
|4 edt
|
| 910 |
|
|
|a BOA001
|b TK-A-0149.363
|
| 990 |
|
|
|a BK
|
| 996 |
7 |
|
|b 2629943584
|c TK-A-0149.363
|l MZK
|r Sklad / do 24 hodin
|n 1
|w 000651586
|u 000010
|a 1
|e BOA001
|j MZK50
|s A
|